Site planning and urban land policy for Delhi (Record no. 5506)

000 -LEADER
fixed length control field 00409pab a2200145 454500
008 - FIXED-LENGTH DATA ELEMENTS--GENERAL INFORMATION
fixed length control field 180718b1987 xxu||||| |||| 00| 0 eng d
100 ## - MAIN ENTRY--PERSONAL NAME
Personal name Jain, A.K.
245 ## - TITLE STATEMENT
Title Site planning and urban land policy for Delhi
260 ## - PUBLICATION, DISTRIBUTION, ETC.
Date of publication, distribution, etc. 1987
300 ## - PHYSICAL DESCRIPTION
Extent 53-63
362 ## - DATES OF PUBLICATION AND/OR SEQUENTIAL DESIGNATION
Dates of publication and/or sequential designation Aug.-Dec.
650 ## - SUBJECT ADDED ENTRY--TOPICAL TERM
Topical term or geographic name entry element City Planning - India - Delhi
773 ## - HOST ITEM ENTRY
Main entry heading Journal of Himachal Pradesh Institute of Public Administration
909 ## -
-- 5506
Holdings
Withdrawn status Lost status Damaged status Not for loan Permanent Location Current Location Date acquired Serial Enumeration / chronology Barcode Date last seen Price effective from Koha item type
        Indian Institute of Public Administration Indian Institute of Public Administration 2018-07-19 Volume no: 11, Issue no: 2 AR5512 2018-07-19 2018-07-19 Articles

Powered by Koha